| 000 | 00668cam a2200193 a 4500 | ||
|---|---|---|---|
| 020 | _a1560003421 (v. 1. : alk. paper) | ||
| 020 | _a1560003561 (v. 2 : alk. paper) | ||
| 082 | 0 | 0 |
_a303.66 _bBAR _cL-39, P-170. |
| 100 | 1 |
_aBarbera, Henry. _937578 |
|
| 245 | 1 | 4 |
_aThe military factor in social change / _cHenry Barbera. |
| 260 |
_aNew Brunswick, N.J. : _bTransaction Publishers, _cc1998. |
||
| 300 |
_a2 v. ; _c24 cm. |
||
| 505 | 0 | _av. 1. From provincial to political society -- v. 2. The state as revolution. | |
| 526 |
_a0 _b0 _c0 _d303_660000000000000_BAR |
||
| 650 | 0 |
_aMCE _9379 |
|
| 650 | 0 | _aSocial change. | |
| 650 | 0 |
_aWar and society. _937579 |
|
| 942 |
_2ddc _cBK |
||
| 999 |
_c542419 _d542419 |
||